[Event "AGAB II"]
[Site "SchemingMind.com"]
[Date "2022.12.03"]
[Round "-"]
[White "Chessibelle"]
[Black "ray winteringham"]
[Result "0-1"]
[WhiteCountry "ENG"]
[BlackCountry "ENG"]
[WhiteElo "1060"]
[WhiteRD "56"]
[BlackElo "1406"]
[BlackRD "50"]
[GameID "728915"]

1. g3 d5 2. d4 h6 3. e3 c5 4. Nc3 e6 5. Nf3 c4 6. Be2 Nf6 7. O-O Bd7 8. b3 cxb3 9. axb3 Bb4 10. Bd2 Bxc3
11. Bxc3 Ne4 12. Bb2 a6 13. Ne5 Nc6 14. Bh5 O-O 15. f4 f6 16. Ng6 Be8 17. c3 Bxg6 18. Bxg6 f5 19. g4 Ne7 20. Bh5 g6
21. Qe2 gxh5 22. gxh5 Kh7 23. c4 Rg8+ 24. Kh1 Rg3 25. Qe1 Rg4 26. Rg1 Qg8 27. Qb4 Nf2#
0-1

[Event "AGAB II"]
[Site "SchemingMind.com"]
[Date "2022.12.03"]
[Round "-"]
[White "ray winteringham"]
[Black "JAHI"]
[Result "0-1"]
[WhiteCountry "ENG"]
[BlackCountry "INT"]
[WhiteElo "1406"]
[WhiteRD "50"]
[BlackElo "2179"]
[BlackRD "69"]
[GameID "728916"]

1. g3 h6 2. Bg2 h5 3. Nf3 Nf6 4. Nc3 d6 5. d3 g6 6. e4 Bg7 7. Be3 Kf8 8. O-O h4 9. Nxh4 Rxh4 10. gxh4 Nc6
11. a3 Bg4 12. f3 Bd7 13. Qd2 Kg8 14. Bf4 Nh5 15. Bg3 Kh8 16. Qf2 Bd4
0-1

[Event "AGAB II"]
[Site "SchemingMind.com"]
[Date "2022.12.04"]
[Round "-"]
[White "ray winteringham"]
[Black "eliecercruzr"]
[Result "0-1"]
[WhiteCountry "ENG"]
[BlackCountry "CUB"]
[WhiteElo "1406"]
[WhiteRD "50"]
[BlackElo "2286"]
[BlackRD "92"]
[GameID "728917"]

1. g3 e5 2. e4 d5 3. Bg2 dxe4 4. Bxe4 Nf6 5. Bg2 Nc6 6. Ne2 Bc5 7. O-O h5 8. d3 h4 9. Bxc6+ bxc6 10. Bg5 Qd7
11. Kh1 hxg3 12. fxg3 Qd5+
0-1

[Event "AGAB II"]
[Site "SchemingMind.com"]
[Date "2022.12.05"]
[Round "-"]
[White "Nattybridge"]
[Black "ray winteringham"]
[Result "1-0"]
[WhiteCountry "ENG"]
[BlackCountry "ENG"]
[WhiteElo "2118"]
[WhiteRD "95"]
[BlackElo "1416"]
[BlackRD "47"]
[GameID "728918"]

1. g3 d5 2. d4 b6 3. Bg2 Bb7 4. c4 e6 5. Nc3 Bb4 6. Bd2 Nf6 7. e3 Bxc3 8. Bxc3 Nbd7 9. Ne2 O-O 10. O-O Rb8
11. cxd5 Bxd5 12. f3 c5 13. e4 Bc4 14. Rf2 a5 15. b3 Bxe2 16. Rxe2 h6 17. Rc1 Qe7 18. d5 exd5 19. e5 Nh7 20. Qxd5 Ndf6
21. Qc4 Nd7 22. e6 b5 23. exf7+ Qxf7 24. Qxf7+ Rxf7 25. Bxa5 Ndf6 26. Rxc5 Nf8 27. Rec2 N8d7 28. Rc8+ Rxc8 29. Rxc8+ Kh7 30. Bf1 Nd5
31. Bxb5 Ne5 32. f4 Ng6 33. Bd3 Ne3 34. Rc7 Rxc7 35. Bxc7 Nd5 36. Be5 Kh8 37. Bxg6
1-0

[Event "AGAB II"]
[Site "SchemingMind.com"]
[Date "2022.12.03"]
[Round "-"]
[White "Kenny Elliott"]
[Black "Chessibelle"]
[Result "1-0"]
[WhiteCountry "USA"]
[BlackCountry "ENG"]
[WhiteElo "1549"]
[WhiteRD "72"]
[BlackElo "1060"]
[BlackRD "56"]
[GameID "728919"]

1. g3 e5 2. e4 Nc6 3. Bg2 b6 4. Nc3 Nf6 5. d3 Be7 6. Nf3 g6 7. Bh6 d6 8. Nd5 Nxd5 9. exd5 Nb4 10. c4 Na6
11. O-O Bb7 12. a3 Nc5 13. b4 Nd7 14. d4 f6 15. Bh3 c6 16. Be6 Qc7 17. Bg7 O-O-O 18. Bxh8 Rxh8 19. Re1 b5 20. cxb5 Kb8
21. bxc6 Bc8 22. Rc1 f5 23. cxd7 Qb6 24. Rxc8+ Rxc8 25. dxc8=Q#
1-0

[Event "AGAB II"]
[Site "SchemingMind.com"]
[Date "2022.12.03"]
[Round "-"]
[White "JAHI"]
[Black "Chessibelle"]
[Result "1-0"]
[WhiteCountry "INT"]
[BlackCountry "ENG"]
[WhiteElo "2179"]
[WhiteRD "69"]
[BlackElo "1060"]
[BlackRD "56"]
[GameID "728920"]

1. g3 e5 2. Bg2 d6 3. Kf1 Nf6 4. d3 Be7 5. Bg5 h6 6. Bxf6 Bxf6 7. Nd2 Nc6 8. h3 b6 9. Bxc6+ Bd7 10. Bxa8 Qxa8
11. Ne4 Be7 12. Nf3 f5 13. Ned2 g5 14. Kg1 Qc6 15. a3 f4 16. a4 O-O 17. a5 b5 18. a6 Qb6 19. g4 Qc5 20. c3 d5
21. Nxe5 Rd8 22. d4 Be6 23. dxc5
1-0

[Event "AGAB II"]
[Site "SchemingMind.com"]
[Date "2022.12.05"]
[Round "-"]
[White "eliecercruzr"]
[Black "Steven DuCharme"]
[Result "1-0"]
[WhiteCountry "CUB"]
[BlackCountry "USA"]
[WhiteElo "2286"]
[WhiteRD "92"]
[BlackElo "1520"]
[BlackRD "65"]
[GameID "728921"]

1. g3 Nf6 2. c4 c6 3. Nf3 g6 4. Bg2 Bg7 5. O-O O-O 6. d4 d5 7. Nbd2 Nbd7 8. b3 b6 9. Bb2 Re8 10. Ne5 Bb7
11. Rc1 e6 12. cxd5 Nxe5 13. dxe5 Nxd5 14. Nc4 Nb4 15. Nd6 Re7 16. a3
1-0

[Event "AGAB II"]
[Site "SchemingMind.com"]
[Date "2022.12.03"]
[Round "-"]
[White "eliecercruzr"]
[Black "Kenny Elliott"]
[Result "1-0"]
[WhiteCountry "CUB"]
[BlackCountry "USA"]
[WhiteElo "2286"]
[WhiteRD "92"]
[BlackElo "1549"]
[BlackRD "72"]
[GameID "728922"]

1. g3 e5 2. c4 d5 3. cxd5 Qxd5 4. Nf3 e4 5. Nc3 Qc6 6. e3 a6 7. Nd4 Qg6 8. Bg2 Nf6 9. Qc2 Bf5 10. Nxf5 Qxf5
11. Nxe4 c6 12. Nd6+
1-0

[Event "AGAB II"]
[Site "SchemingMind.com"]
[Date "2022.12.03"]
[Round "-"]
[White "Chessibelle"]
[Black "eliecercruzr"]
[Result "0-1"]
[WhiteCountry "ENG"]
[BlackCountry "CUB"]
[WhiteElo "1060"]
[WhiteRD "56"]
[BlackElo "2286"]
[BlackRD "92"]
[GameID "728923"]

1. g3 e5 2. e4 d5 3. Bd3 Nf6 4. Nf3 dxe4 5. Be2 exf3 6. Bxf3 e4 7. Bg2 Bg4 8. f3 exf3 9. Bxf3 Qe7+ 10. Kf2 Bxf3
11. Qxf3 Nc6 12. d3 O-O-O 13. Nc3 Nd4 14. Qe3 Ng4+
0-1

[Event "AGAB II"]
[Site "SchemingMind.com"]
[Date "2022.12.03"]
[Round "-"]
[White "eliecercruzr"]
[Black "JAHI"]
[Result "1-0"]
[WhiteCountry "CUB"]
[BlackCountry "INT"]
[WhiteElo "2245"]
[WhiteRD "82"]
[BlackElo "2174"]
[BlackRD "67"]
[GameID "728924"]

1. g3 h6 2. d4 h5 3. e4 h4 4. Nc3 e6 5. Nf3 Bb4 6. Nxh4 Rxh4 7. gxh4 Qxh4 8. Bg2 Kf8 9. O-O Bxc3 10. bxc3 d6
11. f4 Nc6 12. Rf3 Qh5 13. Qd3 Nce7 14. c4 Qa5 15. Bd2 Qa4 16. Rg3 Bd7 17. d5 Ng6 18. dxe6 Bxe6 19. c5 Bc4 20. Qd4 Bb5
21. Qxa4 Bxa4 22. cxd6 cxd6 23. Rd3 Bc6 24. Rxd6 Nf6 25. Rd4 Nh5 26. Rf1 Kg8 27. e5 Bxg2 28. Kxg2 f6 29. Rd6 Kh7 30. Rd3 f5
31. Rh3 Kh6 32. Rc3 Rd8 33. Be3 Rd5 34. a4 Rd7 35. Kf3 Kh7 36. a5 Nh4+ 37. Ke2 a6 38. Bc1 Ng6 39. Rh3 Kh6 40. Rd1 Rc7
41. c3 Ne7 42. Rd6+ g6 43. Rhd3 Rc4 44. R6d4 Rc8 45. Rd7 Nc6 46. Rxb7 Nxa5 47. Rb6 Nc6 48. Rd6 Ne7 49. Kd3 a5 50. Rd7 Nc6
51. Rbb7 Rh8 52. Kc4 Nb8 53. Rdc7 a4 54. Rb6 Re8 55. Kb4 Rd8 56. e6 Nf6 57. c4 Nbd7 58. exd7 Nxd7 59. Rd6 Rb8+ 60. Ka3 Nb6
61. Rd3 g5 62. Rh3+ Kg6 63. fxg5 f4 64. Bxf4 Ra8 65. Rh6+ Kf5 66. Rf7+ Kg4 67. Rxb6 Rg8 68. Kxa4 Ra8+ 69. Kb3 Ra1 70. Rh6 Rd1
71. g6 Rd3+ 72. Kc2 Ra3 73. h3+ Kf3 74. Bd6+ Kg2 75. Bxa3 Kg3 76. g7 Kh2 77. g8=Q Kh1 78. Rf1+ Kh2 79. Bd6#
1-0

[Event "AGAB II"]
[Site "SchemingMind.com"]
[Date "2022.12.05"]
[Round "-"]
[White "Nattybridge"]
[Black "eliecercruzr"]
[Result "1/2-1/2"]
[WhiteCountry "ENG"]
[BlackCountry "CUB"]
[WhiteElo "2133"]
[WhiteRD "95"]
[BlackElo "2229"]
[BlackRD "87"]
[GameID "728925"]

1. g3 e5 2. c4 Nf6 3. Nc3 Bb4 4. e4 Nc6 5. Bg2 d6 6. Nge2 Bc5 7. h3 O-O 8. O-O Nd4 9. Kh2 Be6 10. d3 c6
11. Nxd4 Bxd4 12. Ne2 Bc5 13. b3 Qb6 14. f4 Bd7 15. Bb2 Rfe8 16. Nc3 Bd4 17. Na4 Qa5 18. Bxd4 exd4 19. Nb2 h6 20. Re1 c5
21. Re2 Qc7 22. Qd2 a5 23. a4 Bc6 24. Nd1 Re7 25. Nf2 Rae8 26. Rae1 Qb6 27. Qc2 Nd7 28. Bf3= g6 29. Ng4 Kg7 30. Nf2 Qd8
31. Ng4 b6 32. Nf2 Rf8 33. Ng4 Ree8 34. Nf2 Qc7 35. Ng4= h5 36. Nf2 Qd8 37. h4 Nb8 38. Nd1 Nd7 39. Nf2 Nf6 40. Qd2 Rg8=
1/2-1/2

[Event "AGAB II"]
[Site "SchemingMind.com"]
[Date "2022.12.06"]
[Round "-"]
[White "Steven DuCharme"]
[Black "Nattybridge"]
[Result "0-1"]
[WhiteCountry "USA"]
[BlackCountry "ENG"]
[WhiteElo "1545"]
[WhiteRD "64"]
[BlackElo "2118"]
[BlackRD "95"]
[GameID "728926"]

1. g3 e5 2. Bg2 d5 3. c3 Nf6 4. d3 Bd6 5. Nf3 O-O 6. O-O Be6 7. Nbd2 Nbd7 8. b3 c6 9. Bb2 h6 10. a4 a5
11. e4 Qb6 12. c4 d4 13. Ba3 Bxa3 14. Rxa3 Qb4 15. Nb1 Nh7 16. Qd2 f5 17. h3 fxe4 18. dxe4 Qe7 19. Nxe5 Nxe5 20. Qxd4 Nf3+
21. Bxf3 Rxf3 22. Kg2 Ng5
0-1

[Event "AGAB II"]
[Site "SchemingMind.com"]
[Date "2022.12.06"]
[Round "-"]
[White "Kenny Elliott"]
[Black "Nattybridge"]
[Result "0-1"]
[WhiteCountry "USA"]
[BlackCountry "ENG"]
[WhiteElo "1527"]
[WhiteRD "68"]
[BlackElo "2118"]
[BlackRD "95"]
[GameID "728927"]

1. g3 e5 2. Bg2 d5 3. d3 Nf6 4. Bg5 Be7 5. Bxf6 Bxf6 6. Nc3 c6 7. e4 d4 8. Nce2 O-O 9. c3 c5 10. Nf3 Be6
11. c4 Nc6 12. a3 a6 13. O-O b5 14. b3 bxc4 15. bxc4 Rb8 16. Qa4 Rb6 17. Rab1 Qc7 18. Qc2 Rfb8 19. h4 Qb7 20. Rxb6 Qxb6
21. Qa2 Qb3 22. Qxb3 Rxb3 23. Ra1 Rxd3 24. Nc1 Rd1+ 25. Kh2 Bxc4 26. Ng1 a5 27. Bf3 Rd2 28. Kg2 Rb2 29. Be2 Bxe2 30. Ngxe2 c4
31. Ra2 Rxa2 32. Nxa2 Be7 33. Kf1 Bxa3 34. Ke1 Nb4 35. Nxb4 axb4 36. Kd1 d3
0-1

[Event "AGAB II"]
[Site "SchemingMind.com"]
[Date "2022.12.05"]
[Round "-"]
[White "Nattybridge"]
[Black "Chessibelle"]
[Result "1-0"]
[WhiteCountry "ENG"]
[BlackCountry "ENG"]
[WhiteElo "2141"]
[WhiteRD "93"]
[BlackElo "1060"]
[BlackRD "56"]
[GameID "728928"]

1. g3 e5 2. c4 Nc6 3. Nc3 a6 4. Bg2 Nge7 5. e4 d6 6. Nge2 g6 7. O-O Bg7 8. d3 O-O 9. a3 Na5 10. Nd5 c5
11. b4 Nac6 12. Nxe7+ Nxe7 13. Nc3 Bd7 14. bxc5 dxc5 15. Bg5 h6 16. Be3 g5 17. Bxc5 Re8 18. Qb3 b5 19. cxb5 Qb8 20. b6 Qb7
21. Bxe7 Rxe7 22. Nd5 Ree8 23. Nc7 Kh7 24. Nxa8 Rxa8 25. Rfc1 Rb8 26. Rab1 Bf8 27. Qxf7+ Kh8 28. Rc7 Qa8 29. Rxd7 Qc6 30. Qh7#
1-0

[Event "AGAB II"]
[Site "SchemingMind.com"]
[Date "2022.12.05"]
[Round "-"]
[White "JAHI"]
[Black "Nattybridge"]
[Result "1/2-1/2"]
[WhiteCountry "INT"]
[BlackCountry "ENG"]
[WhiteElo "2168"]
[WhiteRD "68"]
[BlackElo "2133"]
[BlackRD "95"]
[GameID "728929"]

1. g3 e5 2. Bg2 d5 3. Kf1 Nf6 4. d3 Bc5 5. h3 O-O 6. Bg5 c6 7. Nd2 Be6 8. g4 Nbd7 9. e3 Qb6 10. Bxf6 Nxf6
11. Qb1 Bd6 12. Ne2 c5 13. c3 d4 14. exd4 exd4 15. c4 a5 16. Qc2 Rab8 17. Re1 Bd7 18. Ng3 Bxg3 19. fxg3 Rfe8 20. Ne4 Nxe4
21. Bxe4 Bc6 22. Kg2 Bxe4+ 23. Rxe4 Rxe4 24. dxe4 Qc6 25. Re1 h6 26. b3 Rd8 27. Qd3 a4 28. Re2 b6 29. Qf3 b5 30. cxb5 Qxb5
31. Rf2 Qb7 32. Rd2 Qb5 33. h4 d3 34. Qf2 axb3 35. axb3 Rd4 36. Qf5 g6 37. Qc8+ Kg7 38. h5 Qxb3 39. Qxc5 Rxe4 40. Kf2 Rxg4
41. hxg6 Rxg6 42. Qd4+ Rf6+ 43. Kg2 Qb7+ 44. Kh2 Qf3 45. Rxd3 Qf2+ 46. Qxf2 Rxf2+=
1/2-1/2

[Event "AGAB II"]
[Site "SchemingMind.com"]
[Date "2022.12.04"]
[Round "-"]
[White "Steven DuCharme"]
[Black "CapaChess"]
[Result "0-1"]
[WhiteCountry "USA"]
[BlackCountry "CUB"]
[WhiteElo "1520"]
[WhiteRD "65"]
[BlackElo "2029"]
[BlackRD "140"]
[GameID "728930"]

1. g3 e5 2. Bg2 d5 3. b3 Nc6 4. Bb2 h5 5. Nf3 e4 6. Ne5 Nxe5 7. Bxe5 h4 8. O-O Qg5 9. Bf4 Qe7 10. Nc3 c6
11. e3 g5
0-1

[Event "AGAB II"]
[Site "SchemingMind.com"]
[Date "2022.12.03"]
[Round "-"]
[White "Kenny Elliott"]
[Black "CapaChess"]
[Result "0-1"]
[WhiteCountry "USA"]
[BlackCountry "CUB"]
[WhiteElo "1549"]
[WhiteRD "72"]
[BlackElo "2029"]
[BlackRD "140"]
[GameID "728931"]

1. g3 e5 2. Bg2 d5 3. d3 Nc6 4. e4 dxe4 5. Bxe4 Nf6 6. Bxc6+ bxc6 7. Bg5 Rb8 8. b3 Qd5 9. f3 Bb4+ 10. c3 Be7
11. Qc2 e4 12. dxe4 Qxg5 13. Nd2 Qe3+ 14. Ne2 O-O 15. Nc4 Qxf3 16. O-O-O Nxe4 17. Rhf1 Bg5+ 18. Kb2 Nf2 19. Ng1 Nxd1+ 20. Rxd1 Qf6
21. Ne2 Bf5
0-1

[Event "AGAB II"]
[Site "SchemingMind.com"]
[Date "2022.12.03"]
[Round "-"]
[White "ray winteringham"]
[Black "CapaChess"]
[Result "0-1"]
[WhiteCountry "ENG"]
[BlackCountry "CUB"]
[WhiteElo "1406"]
[WhiteRD "50"]
[BlackElo "2029"]
[BlackRD "140"]
[GameID "728932"]

1. g3 e5 2. e4 d5 3. Bg2 dxe4 4. Bxe4 Nf6 5. Bg2 Nc6 6. Ne2 Be6 7. O-O Qd7 8. d3 Bh3 9. Bg5 h5 10. Bxf6 gxf6
11. Nbc3 h4 12. Ne4 Be7 13. Kh1 hxg3 14. fxg3 Bxg2+ 15. Kxg2 Qh3+ 16. Kf3 f5 17. Nc5 Bxc5 18. Rh1 e4+ 19. dxe4 Ne5+ 20. Kf4 Qg4+
21. Kxe5 Qxe4+
0-1

[Event "AGAB II"]
[Site "SchemingMind.com"]
[Date "2022.12.03"]
[Round "-"]
[White "CapaChess"]
[Black "Chessibelle"]
[Result "1-0"]
[WhiteCountry "CUB"]
[BlackCountry "ENG"]
[WhiteElo "2029"]
[WhiteRD "140"]
[BlackElo "1060"]
[BlackRD "56"]
[GameID "728933"]

1. g3 e5 2. c4 c5 3. Nc3 a6 4. Bg2 Nc6 5. e3 g6 6. Nge2 Nf6 7. O-O Be7 8. d4 O-O 9. d5 Na7 10. d6 b6
11. Bxa8 Ng4 12. dxe7 Qxe7 13. Bg2 Nc6 14. Nd5 Qd8 15. e4 f6 16. h3 d6 17. f3 h5 18. fxg4 hxg4 19. Qd2 Rf7 20. Qh6 Rg7
21. Nxf6+ Kf7 22. Nh5+ Ke7 23. Qxg7+ Ke6 24. Qf7#
1-0

[Event "AGAB II"]
[Site "SchemingMind.com"]
[Date "2022.12.03"]
[Round "-"]
[White "JAHI"]
[Black "CapaChess"]
[Result "0-1"]
[WhiteCountry "INT"]
[BlackCountry "CUB"]
[WhiteElo "2168"]
[WhiteRD "68"]
[BlackElo "2369"]
[BlackRD "75"]
[GameID "728934"]

1. g3 e5 2. Bg2 d5 3. Kf1 Nc6 4. d3 Be6 5. h3 f5 6. c3 Nf6 7. Bg5 h6 8. Bxf6 Qxf6 9. e3 O-O-O 10. d4 e4
11. Nd2 g5 12. Ne2 Kb8 13. c4 dxc4 14. a3 Na5 15. g4 fxg4 16. hxg4 Bxg4 17. Qa4 Nb3 18. Nxb3 cxb3 19. Qxb3 Qa6 20. Qc2 Bf3
21. Rc1 Bd6 22. Qc4 Qa5 23. d5 Be5 24. Nd4 Bxd4 25. Qxd4 Qxd5 26. Qxd5 Rxd5 27. b3 Rd3 28. Rb1 h5 29. Rh3 g4 30. Rh4 Rd2
31. Kg1 Rg8 32. Bxf3 gxf3+ 33. Kh1 Rxf2 34. Rxe4 a6 35. Rg1 Rd8 36. a4 Rdd2 37. Rh4 Rb2 38. Rxh5 Rfe2 39. Rf1 Rxe3 40. Rf5 Rexb3
41. Rc1 Rb4 42. Rxf3 Rxa4 43. Kg1 c6 44. Rf2 Rxf2 45. Kxf2 Re4 46. Ra1 Re8 47. Rc1 Kc7 48. Ra1 b5 49. Rxa6 c5 50. Kf3 b4
51. Rh6 b3 52. Rh1 Kb6 53. Rh6+ Kb5 54. Rh7 Kb4 55. Rh2 c4 56. Kf4 c3 57. Rh4 c2 58. Kf5+ Ka3 59. Rh1 b2 60. Rh3+ Ka2
61. Rh7 c1=Q 62. Ra7+ Kb1 63. Rf7 Qc4 64. Rd7 Qe6+ 65. Kg5 Qxd7 66. Kf6 Qg4 67. Kf7 Qe6+ 68. Kg7 Rg8+ 69. Kh7 Qg6#
0-1

[Event "AGAB II"]
[Site "SchemingMind.com"]
[Date "2022.12.03"]
[Round "-"]
[White "eliecercruzr"]
[Black "CapaChess"]
[Result "0-1"]
[WhiteCountry "CUB"]
[BlackCountry "CUB"]
[WhiteElo "2229"]
[WhiteRD "87"]
[BlackElo "2369"]
[BlackRD "75"]
[GameID "728935"]

1. g3 e5 2. c4 Nf6 3. Bg2 d5 4. cxd5 Nxd5 5. Nc3 Nb6 6. Nf3 Nc6 7. O-O Be7 8. d3 O-O 9. Be3 Re8 10. Rc1 Bf8
11. d4 exd4 12. Nxd4 Nxd4 13. Bxd4 c6 14. Ne4 Bg4 15. f3 Be6 16. e3 Nd5 17. Nc5 Bxc5 18. Rxc5 Qe7 19. Qb1 Rad8 20. b3 Nb4
21. a3 b6 22. axb4 bxc5 23. Bxc5 Qf6 24. Qa1 Qg6 25. Bd4 Bxb3 26. Qc3 Ba4 27. Ra1 Bb5 28. f4 Qg4 29. Qc2 h5 30. Qf2 a5
31. h3 Qf5 32. bxa5 c5 33. Be5 Ba6 34. e4 Qe6 35. Rb1 c4 36. Qc5 Rd3 37. Rb6 Rc8 38. Qf2 Qd7 39. Rxa6 c3 40. Kh2 c2
41. Bb2 h4 42. gxh4 Rb3
0-1

[Event "AGAB II"]
[Site "SchemingMind.com"]
[Date "2022.12.05"]
[Round "-"]
[White "CapaChess"]
[Black "Nattybridge"]
[Result "1-0"]
[WhiteCountry "CUB"]
[BlackCountry "ENG"]
[WhiteElo "2232"]
[WhiteRD "102"]
[BlackElo "2118"]
[BlackRD "95"]
[GameID "728936"]

1. g3 e5 2. c4 c6 3. Nf3 e4 4. Nd4 d5 5. cxd5 Qxd5 6. Nc2 Nf6 7. Nc3 Qe6 8. Bg2 Bc5 9. O-O O-O 10. b4 Bb6
11. a4 a5 12. b5 Nbd7 13. d3 Rd8 14. bxc6 exd3 15. exd3 bxc6 16. Re1 Ne5 17. d4 Qc4 18. Rxe5 Qxc3 19. Bd2 Qd3 20. Ra3 Bg4
21. Qc1 Qa6 22. h3 Bh5 23. Ne3 Bg6 24. Qxc6 Bxd4 25. Rxa5 Qxc6 26. Bxc6 Rxa5 27. Bxa5 Rc8 28. Bb5 Ne4 29. Kg2 Nd6 30. Be2 h6
31. Bb4 Nf5 32. a5 Nxe3+ 33. fxe3 Re8 34. exd4 Rxe2+ 35. Kg1 Be4 36. a6 Kh7 37. a7 Ba8 38. Bc5 Kg6 39. Kf1 Rh2 40. Rb3 Rxh3
41. Rb8 Bd5 42. Rd8 Bb7 43. Kf2 Rh2+ 44. Ke3 Rg2 45. d5 Rxg3+ 46. Kd4 Rg4+ 47. Kc3 Rg3+ 48. Kc4 Rg4+ 49. Bd4
1-0